00350cam a22000977a 4500008004000000082001400040245010100054260003500155300000900190700005300199180718b1984 xxu||||| |||| 00| 0 eng d aL8 Un3acc aAccural accounting in developing countriescby Department of Economic and Social Affairs, U.S.A. aNew YorkbUnited Nationsc1984 a62p. aU.S.A. Department of Economic and Social Affairs